LIBRARY & INFORMATION CENTRE, KCAET, TAVANUR

ONLINE PUBLIC ACCESS CATALOGUE (OPAC)

Water and Wastewater Treatment: A Guide for the Nonengineering Professional (Record no. 14428)

MARC details
000 -LEADER
fixed length control field 00388nam a22001457a 4500
020 ## - INTERNATIONAL STANDARD BOOK NUMBER
ISBN 9781439854006
082 ## - DEWEY DECIMAL CLASSIFICATION NUMBER
Classification number 628.1
Item number DRI/WA
100 ## - MAIN ENTRY--AUTHOR NAME
Personal name Drinan,Joanne E.
100 ## - MAIN ENTRY--AUTHOR NAME
Personal name Spellman,Frank R.
245 ## - TITLE STATEMENT
Title Water and Wastewater Treatment: A Guide for the Nonengineering Professional
250 ## - EDITION STATEMENT
Edition statement 2 nd
260 ## - PUBLICATION, DISTRIBUTION, ETC. (IMPRINT)
Place of publication Boca Raton
Name of publisher CRC Press
Year of publication 2013
300 ## - PHYSICAL DESCRIPTION
Number of Pages 278
942 ## - ADDED ENTRY ELEMENTS (KOHA)
Koha item type Books
Holdings
Withdrawn status Lost status Damaged status Collection code Home library Current library Shelving location Date acquired Source of acquisition Cost, normal purchase price Full call number Accession Number Koha item type
        KAUAET KAUAET General Stacks 30/06/2016 Cosmo Book House, Thrissur. 5688.71 628.1 DRI/WA 23994 Books
free website counter